000 00638nam a22001817a 4500
005 20251108165418.0
008 250721s1995 xx 000 0 ara d
082 1 4 _aم/213.4/حمي
100 1 _aالحميدي، أبو عبد الله محمد بن أبي نصر
245 1 0 _aتفسير غريب ما في الصحيحين :
_bالبخاري و مسلم /
264 1 _aالقاهرة :
_bمكتبة السنه،
_c1995.
300 _a680ص
650 1 7 _aالإسلام
650 1 7 _aالحديث الشريف
700 1 _aعبد العزيز، زبيدة محمد سعيد
_eتحيقيق
942 _2ddc
_cREF
999 _c27290
_d27290